| 000 | 00763nam a22001937a 4500 | ||
|---|---|---|---|
| 005 | 20251108173726.0 | ||
| 008 | 250721s2007 xx 000 0 ara d | ||
| 020 | _a9953850828 | ||
| 082 | 1 | 4 | _a956.0668/صلا |
| 100 | 1 |
_aالصلابي، علي محمد _eمؤلف |
|
| 245 | 1 | 0 | _aالدولة الزنكية و نجاح المشروع الإسلامي بقيادة نور الدين محمود الشهيد في مقاومة التغلغل الباطني و الغزو الصليبي / |
| 264 | 1 |
_aبيروت : _bدار المعرفة، _c2007. |
|
| 300 | _a680 ص. | ||
| 490 | 0 | _aموسوعة الحروب الصليبية | |
| 650 | 1 | 7 | _aالتاريخ الاسلامي |
| 650 | 1 | 7 | _aالزنكيون 1250 -1127 |
| 942 |
_2ddc _cBK |
||
| 999 |
_c110897 _d110897 |
||